Bacha Khan International Airport Destinations (Peshawar, Pakistan) - Statistics

General Stats
  • This quiz has been taken 31 times
    13 since last reset
  • The average score is 7 of 9
Answer Stats
Airline Destination % Correct
Etihad Airways/Pakistan International Airlines Abu Dhabi
100%
Pakistan International Airlines/Qatar Airways Doha
100%
Emirates/flydubai/Pakistan International Airlines Dubai (International)
100%
Pakistan International Airlines/Saudia/Serene Air Jeddah
91%
Fly Jinnah/Pakistan International Airlines/Serene Air Karachi
91%
Pakistan International Airlines/Saudia/Serene Air Riyadh
82%
Pakistan International Airlines/Salam Air Muscat
64%
Air Arabia/Pakistan International Airlines/Serene Air Sharjah
64%
Air Arabia Ras Al Khaimah
18%
No matching quizzes found
Score Distribution
Percent of People with Each Score
Percentile by Number Answered
Your Score History
You have not taken this quiz since the last reset